Stades de football de Super League 24/25 - Statistiques

Statistiques générales
  • Ce quiz a été pris 36 fois
  • Le résultat moyen est 7 sur 11
Statistiques - réponses
Club Stade % Correct
Servette FC Stade de Genève
96%
BSC Young Boys Stadion Wankdorf
89%
FC Bâle Sankt Jakob-Park
81%
FC Sion Stade de Tourbillon
78%
Grasshopper Club Zurich / FC Zurich Stade du Letzigrund
70%
FC Lausanne-Sport Stade de la Tuilière
67%
Yverdon Sport FC Stade Municipal
59%
FC Saint-Gall Kybunpark
56%
FC Lugano Stadio Comunale Cornaredo
56%
FC Lucerne Swissporarena
48%
FC Winterthour Schützenwiese
22%
Aucun quiz correspondant
Distribution des résultats
% des personnes avec chaque résultat
Percentile par nombre de réponses
Votre historique - résultats
Vous n’avez pas pris ce quiz